Madrid (Record no. 158451)

MARC details
000 -LEADER
campo de control de longitud fija 00959nam a2200241 i 4500
001 - NÚMERO DE CONTROL
campo de control 158451
003 - IDENTIFICADOR DE NÚMERO DE CONTROL
campo de control ES-MaACL
005 - FECHA Y HORA DE LA ÚLTIMA TRANSACCIÓN
campo de control 20250910202028.0
008 - DATOS DE LONGITUD FIJA--INFORMACIÓN GENERAL
campo de control de longitud fija 940202s1881 sp |||| | spa d
040 ## - FUENTE DE CATALOGACIÓN
Centro catalogador/agencia de origen CAM
Lengua de catalogación spa
100 1# - ENTRADA PRINCIPAL--NOMBRE DE PERSONA
Nombre de persona Talero, Juan.
9 (RLIN) 161603
245 10 - MENCIÓN DEL TÍTULO
Título Madrid
Resto del título : sus instituciones de enseñanza, de beneficencia y de administración, sus centros científicos y artísticos, su organización municipal /
Mención de responsabilidad, etc. [Juan Talero, V. de Vera y López, José Monmeneu].
260 ## - PUBLICACIÓN, DISTRIBUCIÓN, ETC.
Lugar de publicación, distribución, etc. Madrid :
Nombre del editor, distribuidor, etc. [s.n.],
Fecha de publicación, distribución, etc. 1881 (
Fabricante Imprenta y litografía de La Guirnalda)
300 ## - DESCRIPCIÓN FÍSICA
Extensión 215 p. ;
Dimensiones 16 cm.
500 ## - NOTA GENERAL
Nota general Los nombres de los autores al pie del prólogo.
597 ## - NOTA DE DESCRIPCIÓN FÍSICA
NOTA DE DESCRIPCIÓN FÍSICA Signaturizado.
597 ## - NOTA DE DESCRIPCIÓN FÍSICA
NOTA DE DESCRIPCIÓN FÍSICA Antep.
650 #4 - PUNTO DE ACCESO ADICIONAL DE MATERIA--TÉRMINO DE MATERIA
Término de materia o nombre geográfico como elemento de entrada Instituciones-
Subdivisión geográfica Madrid-
Subdivisión cronológica S. XIX.
9 (RLIN) 136302
700 1# - ENTRADA AGREGADA--NOMBRE PERSONAL
Nombre de persona Monmeneu y López Reynoso, José.
9 (RLIN) 161604
700 1# - ENTRADA AGREGADA--NOMBRE PERSONAL
Nombre de persona Vera, Vicente,
Fechas asociadas al nombre 1855-1934
9 (RLIN) 113953
852 ## - LOCALIZACIÓN
Ubicación ES-MaACL
Número de control de estantería D-1633
Nota libre .- Legado M. de La Fuente
Holdings
Estatus retirado Estado de pérdida Estado de daño No para préstamo Colección Biblioteca de origen Biblioteca actual Ubicación en estantería Fecha de adquisición Fuente de adquisición Total de préstamos Signatura topográfica completa Código de barras Visto por última vez Precio de reemplazo Tipo de ítem Koha
        Libros del s. XIX Biblioteca del Ateneo de Madrid Biblioteca del Ateneo de Madrid Sala Valle Inclán 17/01/2008     D-1633 901165843 23/02/2023 23/02/2023 Libro impreso antiguo